How to Win Friends and Influence People (Record no. 51934)
[ view plain ]
| 000 -LEADER | |
|---|---|
| fixed length control field | 00401nam a2200157Ia 4500 |
| 008 - FIXED-LENGTH DATA ELEMENTS--GENERAL INFORMATION | |
| fixed length control field | 220530s9999 xx 000 0 und d |
| 020 ## - INTERNATIONAL STANDARD BOOK NUMBER | |
| International Standard Book Number | 9780091906351 |
| 041 ## - LANGUAGE CODE | |
| Language code of text/sound track or separate title | eng |
| 082 ## - DEWEY DECIMAL CLASSIFICATION NUMBER | |
| Classification number | 823 |
| Item number | CAR |
| 100 ## - MAIN ENTRY--PERSONAL NAME | |
| Personal name | Carnegie, Dale |
| 9 (RLIN) | 57553 |
| 245 ## - TITLE STATEMENT | |
| Title | How to Win Friends and Influence People |
| 250 ## - EDITION STATEMENT | |
| Edition statement | 1st Ed. |
| 260 ## - PUBLICATION, DISTRIBUTION, ETC. (IMPRINT) | |
| Place of publication, distribution, etc. | London |
| Name of publisher, distributor, etc. | Vermilion |
| Date of publication, distribution, etc. | 2012 |
| 300 ## - PHYSICAL DESCRIPTION | |
| Extent | XXVIII; 275P. |
| Other physical details | PB |
| 906 ## - LOCAL DATA ELEMENT F, LDF (RLIN) | |
| a | 49.75 |
| b | GB |
| Withdrawn status | Lost status | Damaged status | Not for loan | Collection code | Home library | Current library | Date acquired | Vendor | Cost, normal purchase price | Total Checkouts | Total Renewals | Full call number | Barcode | Date last seen | Date last checked out | Cost, replacement price | Bill Date | Koha item type | Original Barcode |
|---|---|---|---|---|---|---|---|---|---|---|---|---|---|---|---|---|---|---|---|
| Non Technical | Cummins College of Engineering for Women Nagpur | Cummins College of Engineering for Women Nagpur | 14/03/2014 | Allied Publisher Pvt. Ltd. | 199.00 | 3 | 1 | 823/CAR/ | CEWN-BK-5643 | 12/11/2025 | 03/11/2025 | 149.25 | 30/05/2022 | Books | 005643 |